| 000 | 00446cam a2200181ua 4500 | ||
|---|---|---|---|
| 020 | _c32.60 | ||
| 041 |
_aeng _h |
||
| 082 |
_a330.1 _bTHO/EL |
||
| 100 | _aThomas, Evelyn.S . | ||
| 245 |
_aElements of economics / _cS.Evelyn Thomas. _hTextual Documents |
||
| 250 |
_a1 / _b. |
||
| 260 |
_aLondon : _bSir Isaac Pitman & Sons Ltd , _c1961. |
||
| 300 | _a605 ; . | ||
| 365 | _a32.60 | ||
| 504 | _a | ||
| 942 | _cBK | ||
| 999 |
_c2103 _d2103 |
||